000 02603njm a2200469Ia 4500
001 24662
003 IT-RoPAU
005 20220918181109.0
008 131025s9999 xx 000 0 und d
040 _aIT-RoPAU
040 _cIT-RoPAU
999 _c98872
_d98872
999 _bn.d.
100 _aAA.VV.
_9794
100 _eAutore musica
_911445
100 _gCodice autore musica SPICS: 12000
_9796
245 _aBach To Beatles
250 _a1a ed.
260 _aITALIA
260 _bPOLYDOR
_c1974 [1a Ed.:1974]
300 _aDISCO
300 _c38 minuti (Testo: pag.)
500 _aMusica strumentale. Arrangiamento di celebri brani dei Beatles e classici
505 _aBach's Toccata & Fuge (7:00) - On Persian Market (4:00) - American Patrol (3:00) - Kalinka (4:00) - Bye Bye Blackbird (2:00) - Cecilia (3:00) - Knock Three Times (4:00) - El condor pasa (4:00) - How do You Do (4:00) - Let the Sunshine In (3:00) - Yesterday (3:00) - Down By the Riverside (3:00)
650 _aARRANGIAMENTO [DISCHI]
_eCodice MATERIA SPICS: 9950
_911446
700 _aLast James
_gCodice interprete SPICS: 10976
_4Interprete
_911447
700 _aLast James
_gCodice autore SPICS: 10976
_4Autore
_99404
700 _aBach Johann Sebastian
_gCodice autore musica SPICS: 9695
_eAutore musica
_pBach's Toccata & Fuge
_911448
700 _aKetelbey Albert
_gCodice autore musica SPICS: 8042
_eAutore musica
_pOn Persian Market
_911449
700 _aMeacham
_gCodice autore musica SPICS: 14469
_eAutore musica
_pAmerican Patrol
_911450
700 _aAnonimo
_gCodice autore musica SPICS: 2620
_eAutore musica
_pKalinka - El condor pasa - Down By the Riverside
_911451
700 _aDixon
_gCodice autore musica SPICS: 15738
_eAutore musica
_pBye Bye Blackbird
_911452
700 _aSimon Paul
_gCodice autore musica SPICS: 11156
_eAutore musica
_pCecilia
_911453
700 _aLevin
_gCodice autore musica SPICS: 15739
_eAutore musica
_pKnock Three Times
_911454
700 _aBrown
_gCodice autore SPICS: 20445
_eAutore musica
_pKnock Three Times
_911455
700 _aHemert V.
_gCodice autore musica SPICS: 15740
_eAutore musica
_pHow do You Do
_911456
700 _aHoof V.
_gCodice autore SPICS: 15741
_eAutore
_pHow do You Do
_911457
700 _aMacDermot Galt
_gCodice autore musica SPICS: 10994
_eAutore musica
_pLet the Sunshine In
_911458
700 _aRagni G.
_gCodice autore SPICS: 14488
_eAutore musica
_pLet the Sunshine In
_911459
700 _aLennon John
_gCodice autore musica SPICS: 13133
_eAutore musica
_pYesterday
_911460
700 _aMcCartney Paul
_4Codice autore SPICS: 8084
_eAutore musica
_pYesterday
_911461
942 _cMD
_2ddc